| 000 | 00692cab a2200241 4500 | ||
|---|---|---|---|
| 001 | ABS56438 | ||
| 008 | 090401t1997 xxu||||| |||| 00| 0 eng d | ||
| 035 | _a(Sirsi) u23593 | ||
| 041 | _aeng | ||
| 100 | _aCatt, R. | ||
| 245 | _aBirds and bees | ||
| 260 | _c1997 | ||
| 350 | _a0 | ||
| 490 |
_aValuer (ISVA) _v66(1) January/February 1997, 8(1) |
||
| 520 | _aOutlines methods of protecting buildings from possible damage from birds, bees and plants, as detailed in a recent BRE digest (418). | ||
| 650 | _aBEES | ||
| 650 | _aBIRDS | ||
| 650 | _aBUILDING CONSERVATION | ||
| 650 | _aPLANTS | ||
| 690 | _aBUILT ENVIRONMENT-BUILDING INSPECTION | ||
| 942 | _n0 | ||
| 948 | _c04/03/1997 | ||
| 999 |
_c15782 _d15782 |
||